[Event "4NCL/Div2d/FCA1 vs. WES1"]
[Site "Sunningdale ENG"]
[Date "2010.05.02"]
[Round "10.6"]
[White "de Coverly, Roger D"]
[Black "Borrowdale, Graham E"]
[Result "1-0"]
[WhiteElo "2119"]
[BlackElo "2074"]
[PlyCount "159"]
[EventDate "2010.05.02"]
[SourceDate "2009.10.24"]

1. Nf3 e6 2. g3 b6 3. Bg2 Bb7 4. O-O Nf6 5. c4 Be7 6. Nc3 O-O 7. Re1 d5 8. cxd5
exd5 9. d4 c5 10. Ne5 Nc6 11. Nxc6 Bxc6 12. dxc5 bxc5 13. Bg5 Rc8 14. Bxf6 Bxf6
15. Nxd5 Bxd5 16. Qxd5 Qxd5 17. Bxd5 Rfd8 18. e4 Bxb2 19. Rab1 Rb8 20. Red1 Bd4
21. Kg2 Kf8 22. Rb3 Rxb3 23. axb3 Rb8 24. Rd2 a5 25. Ra2 Bc3 26. f4 Rd8 27. g4
f6 28. Kf3 Ke7 29. h4 Rd6 30. f5 Ra6 31. g5 Be1 32. Kg4 Ra7 33. h5 h6 34. g6
Kd6 35. Ra1 Bc3 36. Rc1 Bd4 37. Rc4 Ra6 38. Kf3 Ke5 39. Ra4 Bc3 40. Ke3 Bd4+
41. Kd3 Kf4 42. Kc4 Kg5 43. Kb5 Ra7 44. Bc4 Kxh5 45. Kb6 Re7 46. Rxa5 Kg5 47.
Kc6 h5 48. Bd5 h4 49. Ra8 h3 50. Kd6 h2 51. Rh8 Ra7 52. e5 Bxe5+ 53. Ke6 Ra6+
54. Kf7 Ra7+ 55. Ke6 Ra6+ 56. Kf7 Kxf5 57. Kxg7 Ra7+ 58. Kh6 Ra1 59. Kg7 Kg5
60. Rh3 f5+ 61. Kf7 Kg4 62. Rh6 Kg3 63. Ke6 Bg7 64. Rh7 f4 65. Rxg7 f3 66. Rh7
h1=Q 67. Rxh1 Rxh1 68. g7 Rh6+ 69. Kf5 Rh5+ 70. Kf6 Rh6+ 71. Kg5 f2 72. Bc4 Rh4
73. Be2 f1=Q 74. Bxf1 Rg4+ 75. Kh6 Rh4+ 76. Kg6 Rg4+ 77. Kh7 Rh4+ 78. Kg8 Kf3
79. Bc4 Ke3 80. Kf8 1-0

[Event "4NCL/Div2d/FCA1 vs. WES1"]
[Site "Sunningdale ENG"]
[Date "2010.05.02"]
[Round "10.7"]
[White "Freeman, Richard CP"]
[Black "Marsh, Roger DW"]
[Result "1-0"]
[WhiteElo "2061"]
[BlackElo "2067"]
[PlyCount "51"]
[EventDate "2010.05.02"]
[SourceDate "2009.10.24"]

1. c4 g6 2. g3 Bg7 3. Bg2 e5 4. Nc3 d6 5. e4 Nc6 6. Nge2 Nge7 7. d3 O-O 8. O-O
Kh8 9. Nd5 f5 10. Be3 h6 11. Qd2 Kh7 12. Rae1 Nd4 13. f4 Nxe2+ 14. Rxe2 fxe4
15. dxe4 Nxd5 16. Qxd5 Bg4 17. Rd2 Qd7 18. b3 b6 19. Rdf2 Be6 20. Qd2 Rad8 21.
f5 Bg8 22. f6 Bh8 23. Bxh6 Rf7 24. Qg5 Qe6 25. Qh4 Rxf6 26. Bf8# 1-0

[Event "4NCL/Div2d/FCA1 vs. WES1"]
[Site "Sunningdale ENG"]
[Date "2010.05.02"]
[Round "10.8"]
[White "Norman, Dinah M"]
[Black "Evans, Helen I"]
[Result "1/2-1/2"]
[WhiteElo "1932"]
[BlackElo "1626"]
[PlyCount "51"]
[EventDate "2010.05.02"]
[SourceDate "2009.10.24"]

1. d4 d6 2. Nf3 Bg4 3. c4 c6 4. Nc3 Nf6 5. e4 e6 6. Be2 Be7 7. O-O O-O 8. a3 d5
9. e5 Nfd7 10. cxd5 cxd5 11. Be3 Nc6 12. Bf4 a6 13. Rc1 Rc8 14. h3 Bh5 15. Qd2
Na5 16. Qd1 Nc4 17. Qb3 Qb6 18. Qxb6 Ndxb6 19. g4 Bg6 20. Nd1 h6 21. Nd2 Nxd2
22. Bxd2 Rxc1 23. Bxc1 Rc8 24. Ne3 Bg5 25. Re1 Na4 26. Kf1 1/2-1/2

[Event "4NCL/Div2d/GUI3 vs. ANGA"]
[Site "Sunningdale ENG"]
[Date "2010.05.02"]
[Round "10.1"]
[White "Lalic, Peter D"]
[Black "Talsma, Paul A"]
[Result "0-1"]
[WhiteElo "1946"]
[BlackElo "2246"]
[PlyCount "46"]
[EventDate "2010.05.02"]
[SourceDate "2009.10.24"]

1. Nf3 f5 2. e4 fxe4 3. Ng5 Nc6 4. d3 e3 5. Bxe3 e5 6. Qh5+ g6 7. Qf3 Nf6 8. g4
d5 9. h3 h6 10. h4 hxg5 11. Bxg5 Be7 12. Bxf6 Bxf6 13. g5 Bg7 14. c3 Be6 15.
Na3 Qd7 16. Nb1 O-O-O 17. Kd2 Rhf8 18. Qg3 e4 19. Ke3 Rf3+ 20. Qxf3 exf3 21.
Kf4 d4 22. Ke4 Bd5+ 23. Kf4 Be5# 0-1

[Event "4NCL/Div2d/GUI3 vs. ANGA"]
[Site "Sunningdale ENG"]
[Date "2010.05.02"]
[Round "10.2"]
[White "Player, Edmund C"]
[Black "Deswarte, Ian"]
[Result "0-1"]
[WhiteElo "2156"]
[BlackElo "1900"]
[PlyCount "56"]
[EventDate "2010.05.02"]
[SourceDate "2009.10.24"]

1. e4 e5 2. Nf3 Nc6 3. Nc3 Nf6 4. g3 Be7 5. Bg2 O-O 6. O-O d6 7. h3 h6 8. d4
exd4 9. Nxd4 Nxd4 10. Qxd4 c6 11. Be3 Qc7 12. Rad1 Nd7 13. f4 Re8 14. Qd2 Nf8
15. Ne2 Ng6 16. Nd4 Bf6 17. c4 Bd7 18. Nb3 Rad8 19. Qxd6 Qc8 20. Qb4 Bxh3 21.
e5 Rxd1 22. Rxd1 Qg4 23. Rd2 Qxg3 24. Qc3 Nh4 25. Bxa7 Qe1+ 26. Kh2 Bxg2 27.
Bf2 Qh1+ 28. Kg3 Qh3# 0-1

[Event "4NCL/Div2d/GUI3 vs. ANGA"]
[Site "Sunningdale ENG"]
[Date "2010.05.02"]
[Round "10.3"]
[White "Dines, Sheila J"]
[Black "Gregory, Stephen J"]
[Result "0-1"]
[WhiteElo "1931"]
[BlackElo "2115"]
[PlyCount "82"]
[EventDate "2010.05.02"]
[SourceDate "2009.10.24"]

1. e4 d5 2. exd5 Qxd5 3. Nc3 Qa5 4. Nf3 Nf6 5. h3 e6 6. a3 Bd7 7. d4 Bd6 8. Bd2
Qb6 9. Bc4 c6 10. O-O Qd8 11. Qe1 b5 12. Ba2 Na6 13. Ne5 Nc7 14. f4 O-O 15. Bb1
Be8 16. Ne4 Nxe4 17. Qxe4 c5 18. c3 f5 19. Qe3 Nd5 20. Qf2 cxd4 21. cxd4 a5 22.
Ba2 Qb6 23. Bxd5 exd5 24. Be3 Qb7 25. Rfc1 Bd7 26. Qf3 Be6 27. Rc6 Bxe5 28.
Rxe6 Bf6 29. Rc1 Rfe8 30. Rcc6 Rxe6 31. Rxe6 Qd7 32. Re5 Bxe5 33. fxe5 Rc8 34.
Bd2 Rc4 35. Qd3 Qa7 36. Be3 f4 37. Bf2 Qd7 38. Qd2 f3 39. Qxa5 fxg2 40. Kxg2 h6
41. Qb6 Rc6 0-1

[Event "4NCL/Div2d/GUI3 vs. ANGA"]
[Site "Sunningdale ENG"]
[Date "2010.05.02"]
[Round "10.5"]
[White "Taylor, Adam A"]
[Black "Gray, Mark S"]
[Result "1/2-1/2"]
[WhiteElo "1850"]
[BlackElo "2089"]
[PlyCount "121"]
[EventDate "2010.05.02"]
[SourceDate "2009.10.24"]

1. Nf3 d5 2. c4 e6 3. g3 Nf6 4. Bg2 Be7 5. O-O O-O 6. d4 Nbd7 7. Qc2 c6 8. a4
b6 9. cxd5 cxd5 10. Nc3 Ba6 11. Nb5 Ne4 12. Bf4 Bxb5 13. axb5 Bd6 14. Ne5 Nxe5
15. dxe5 Rc8 16. Qb1 Bb8 17. Bxe4 dxe4 18. Qxe4 Qd7 19. Rac1 Qxb5 20. b4 h6 21.
g4 Qd5 22. Qxd5 exd5 23. Rxc8 Rxc8 24. Rc1 Rxc1+ 25. Bxc1 Bxe5 26. f4 Bd4+ 27.
e3 Bc3 28. b5 Kf8 29. Kf2 g6 30. Ba3+ Ke8 31. Ke2 Kd7 32. Kd3 Bf6 33. Bf8 h5
34. gxh5 gxh5 35. e4 dxe4+ 36. Kxe4 Ke6 37. f5+ Kd7 38. Bb4 Kc7 39. Kd5 Bg7 40.
Bd6+ Kb7 41. Be5 Bxe5 42. Kxe5 a5 43. bxa6+ Kxa6 44. Kf6 b5 45. Kxf7 b4 46. f6
b3 47. Ke8 b2 48. f7 b1=Q 49. f8=Q Qb8+ 50. Kf7 Qxh2 51. Qa3+ Kb5 52. Qb3+ Kc5
53. Qe3+ Kd5 54. Qg5+ Ke4 55. Kg6 h4 56. Kh5 h3 57. Qg4+ Ke3 58. Kh4 Kf2 59.
Qxh3 Qe5 60. Qg4 Qf6+ 61. Kh5 1/2-1/2

[Event "4NCL/Div2d/GUI3 vs. ANGA"]
[Site "Sunningdale ENG"]
[Date "2010.05.02"]
[Round "10.6"]
[White "Merry, Alan B"]
[Black "Gibbs, Daniel C"]
[Result "1-0"]
[WhiteElo "2074"]
[BlackElo "1858"]
[PlyCount "67"]
[EventDate "2010.05.02"]
[SourceDate "2009.10.24"]

1. d4 g6 2. e4 Bg7 3. c4 c5 4. d5 d6 5. Nc3 Nf6 6. f4 O-O 7. Nf3 e6 8. Be2 exd5
9. cxd5 Bg4 10. O-O a6 11. a4 Re8 12. Qc2 Nbd7 13. h3 Bxf3 14. Bxf3 b6 15. Qd3
Qc7 16. e5 c4 17. Qe2 Rac8 18. e6 fxe6 19. dxe6 Nf8 20. Kh2 Kh8 21. Nd5 Nxd5
22. Bxd5 b5 23. axb5 axb5 24. f5 Be5+ 25. Bf4 gxf5 26. Bxe5+ dxe5 27. Rxf5 e4+
28. Kh1 Nxe6 29. Qxe4 Ng7 30. Qd4 Qg3 31. Raf1 Rcd8 32. Qf6 Qb8 33. Rg5 Qc7 34.
Bf7 1-0

[Event "4NCL/Div2d/GUI3 vs. ANGA"]
[Site "Sunningdale ENG"]
[Date "2010.05.02"]
[Round "10.7"]
[White "Armour, Philip"]
[Black "Cook, Michael P"]
[Result "1/2-1/2"]
[WhiteElo "1850"]
[BlackElo "2073"]
[PlyCount "25"]
[EventDate "2010.05.02"]
[SourceDate "2009.10.24"]

1. d4 d5 2. Nf3 c5 3. e3 cxd4 4. exd4 Nc6 5. c3 Nf6 6. Bf4 Bg4 7. h3 Bxf3 8.
Qxf3 e6 9. Bd3 Bd6 10. Nd2 O-O 11. O-O Bxf4 12. Qxf4 Qb8 13. Qh4 1/2-1/2

[Event "4NCL/Div2d/GUI3 vs. ANGA"]
[Site "Sunningdale ENG"]
[Date "2010.05.02"]
[Round "10.8"]
[White "Wallis, Ian J"]
[Black "Harford, Alun"]
[Result "1-0"]
[WhiteElo "1982"]
[BlackElo "1746"]
[PlyCount "79"]
[EventDate "2010.05.02"]
[SourceDate "2009.10.24"]

1. Nc3 c5 2. e4 g6 3. Nf3 Bg7 4. d4 cxd4 5. Nxd4 Nc6 6. Be3 a6 7. Qd2 Nf6 8.
O-O-O O-O 9. Be2 d6 10. h3 Re8 11. g4 Nxd4 12. Bxd4 b5 13. g5 b4 14. gxf6 bxc3
15. Bxc3 exf6 16. Qxd6 Be6 17. Qxd8 Rexd8 18. Rxd8+ Rxd8 19. a3 Bh6+ 20. Kb1
Kg7 21. h4 Bd2 22. Rd1 Bxc3 23. Rxd8 Be1 24. h5 Bxf2 25. hxg6 hxg6 26. c4 g5
27. b4 g4 28. c5 g3 29. Bf1 Bc4 30. Bg2 Bb5 31. Kc2 Bc6 32. Rd6 Bb5 33. Kb3 Kf8
34. a4 Be8 35. Rxa6 Ke7 36. Rd6 Bd7 37. a5 Be3 38. a6 Bc8 39. Rc6 Kd7 40. Rxf6
1-0

[Event "4NCL/Div2d/WRO2 vs. CELT1"]
[Site "Sunningdale ENG"]
[Date "2010.05.03"]
[Round "11.1"]
[White "Shaw, Peter"]
[Black "Hetey, Laszlo"]
[Result "0-1"]
[WhiteElo "2156"]
[BlackElo "2344"]
[PlyCount "142"]
[EventDate "2010.05.03"]
[SourceDate "2009.10.24"]

1. d4 Nf6 2. c4 e6 3. Nc3 Bb4 4. Qc2 c5 5. dxc5 O-O 6. a3 Bxc5 7. b4 Be7 8. Nf3
d5 9. cxd5 exd5 10. e3 Nc6 11. Bb2 Bg4 12. Be2 Bxf3 13. Bxf3 Ne5 14. Be2 Nc4
15. Rd1 Nxb2 16. Qxb2 a5 17. b5 Qd6 18. Bf3 Qxa3 19. Qxa3 Bxa3 20. Nxd5 Nxd5
21. Bxd5 Ra7 22. Ke2 Bc5 23. Ba2 b6 24. Rd3 Rc8 25. Rhd1 Kf8 26. Rd7 Rcc7 27.
Rxc7 Rxc7 28. Bb3 Bb4 29. Rd4 Ra7 30. h3 Bc5 31. Rc4 Ke7 32. Ba4 Kd6 33. Rc3
Re7 34. Rd3+ Kc7 35. Bb3 f5 36. g3 Re4 37. Bd5 Re8 38. Bb3 Ra8 39. Be6 Bd6 40.
Rc3+ Kd8 41. Bxf5 a4 42. Be6 Ra5 43. Bc4 a3 44. Rc2 Be5 45. f4 Bb2 46. e4 Ra4
47. Ba2 Rxe4+ 48. Kd1 Rb4 49. Rd2+ Ke7 50. Rd3 Rxb5 51. Rb3 Rd5+ 52. Ke2 Rd6
53. Re3+ Kf6 54. g4 Bc1 55. Rd3 Rc6 56. Bb1 b5 57. f5 b4 58. Kd1 Bf4 59. Rb3
Rc1+ 60. Ke2 Be5 61. Rxb4 Rxb1 62. Rxb1 a2 63. Rd1 a1=Q 64. Rxa1 Bxa1 65. h4
Bc3 66. Kf2 h5 67. gxh5 Bd2 68. Kf3 Kxf5 69. Kg3 Bh6 70. Kf3 Bf4 71. h6 Bxh6
0-1

[Event "4NCL/Div2d/WRO2 vs. CELT1"]
[Site "Sunningdale ENG"]
[Date "2010.05.03"]
[Round "11.2"]
[White "Hoffman, Hendrik"]
[Black "O'Driscoll, Keiran"]
[Result "1/2-1/2"]
[WhiteElo "2252"]
[BlackElo "2062"]
[PlyCount "64"]
[EventDate "2010.05.03"]
[SourceDate "2009.10.24"]

1. e4 d5 2. exd5 Nf6 3. Nf3 Nxd5 4. d4 g6 5. h3 Bg7 6. Bc4 O-O 7. O-O Nc6 8. c3
Bf5 9. Re1 Qd6 10. Na3 a6 11. Bb3 b5 12. Nc2 Rad8 13. Bg5 Nf4 14. Ne3 Be4 15.
Ng4 Bd5 16. Nge5 Bxb3 17. Qxb3 Nd5 18. Nxc6 Qxc6 19. Bxe7 Nxe7 20. Rxe7 Qd6 21.
Rae1 Bf6 22. R7e2 c5 23. dxc5 Qxc5 24. Rd1 Kg7 25. Rxd8 Rxd8 26. Rd2 Rxd2 27.
Nxd2 Bh4 28. g3 Bd8 29. Nf1 Bb6 30. Qc2 Qe5 31. Qd2 Qe6 32. b3 Qxh3 1/2-1/2

[Event "4NCL/Div2d/WRO2 vs. CELT1"]
[Site "Sunningdale ENG"]
[Date "2010.05.03"]
[Round "11.3"]
[White "Lewyk, Ihor"]
[Black "Maciol, Ryczard"]
[Result "1/2-1/2"]
[WhiteElo "2115"]
[BlackElo "2222"]
[PlyCount "119"]
[EventDate "2010.05.03"]
[SourceDate "2009.10.24"]

1. Nf3 d5 2. d4 Nf6 3. e3 Bg4 4. c4 c6 5. Qb3 Qb6 6. Qxb6 axb6 7. Ne5 Bf5 8.
Nc3 e6 9. Be2 Nbd7 10. Nxd7 Nxd7 11. O-O Bb4 12. Bd2 O-O 13. a3 Bd6 14. Rac1
Nf6 15. f3 h6 16. Rfe1 Bg6 17. Bf1 Rfe8 18. e4 dxe4 19. fxe4 e5 20. Be3 Nxe4
21. Nxe4 Bxe4 22. d5 c5 23. Bxh6 gxh6 24. Rxe4 f5 25. Re3 e4 26. Rb3 Ra6 27.
Be2 Kg7 28. g3 Kg6 29. Kg2 Rf8 30. Rf1 Be5 31. Rf2 Bd4 32. Rf4 Be5 33. Rh4 Rd8
34. Rh5 Bf6 35. Kf2 Rd6 36. g4 f4 37. Rf5 f3 38. Bf1 Ra8 39. Kg3 Re8 40. h4
Be5+ 41. Kf2 Bf6 42. Kg3 Re7 43. h5+ Kg7 44. Kf2 Bd4+ 45. Kg3 Rf7 46. Rxf7+
Kxf7 47. Kf4 e3 48. Kxf3 Rf6+ 49. Ke2 Rf2+ 50. Ke1 Rxb2 51. Rxb2 Bxb2 52. a4
Bf6 53. Ke2 Bg5 54. Kf3 Ke7 55. Ke4 Kd6 56. Bd3 Ke7 57. Ke5 Bf6+ 58. Kf5 Bg5
59. Be2 Kd6 60. Bf3 1/2-1/2

[Event "4NCL/Div2d/WRO2 vs. CELT1"]
[Site "Sunningdale ENG"]
[Date "2010.05.03"]
[Round "11.5"]
[White "Webb, Matthew D"]
[Black "Pedersen, Carsten"]
[Result "1/2-1/2"]
[WhiteElo "1999"]
[BlackElo "2157"]
[PlyCount "49"]
[EventDate "2010.05.03"]
[SourceDate "2009.10.24"]

1. e4 e6 2. a3 d5 3. e5 c5 4. b4 d4 5. bxc5 Nc6 6. f4 Nh6 7. Bd3 Bxc5 8. Qf3
Nf5 9. Ne2 a6 10. Be4 Qb6 11. g4 Nfe7 12. d3 Qa5+ 13. Nd2 Bb4 14. Qf2 Nd5 15.
Bxd5 Qxd5 16. O-O Bxd2 17. Bxd2 b5 18. Qf3 Qxf3 19. Rxf3 Bb7 20. Rff1 O-O 21.
a4 Rfd8 22. Rfb1 Rd5 23. axb5 axb5 24. Rxa8+ Bxa8 25. Ng3 1/2-1/2

[Event "4NCL/Div2d/WRO2 vs. CELT1"]
[Site "Sunningdale ENG"]
[Date "2010.05.03"]
[Round "11.6"]
[White "Josse, Mark"]
[Black "Whitaker, Thomas R"]
[Result "1/2-1/2"]
[WhiteElo "2096"]
[BlackElo "1954"]
[PlyCount "128"]
[EventDate "2010.05.03"]
[SourceDate "2009.10.24"]

1. e4 c5 2. Nc3 Nc6 3. Bb5 g6 4. Bxc6 dxc6 5. f4 Bg7 6. d3 Nf6 7. Nf3 Bg4 8.
O-O Qc7 9. Qe1 b6 10. a3 Bxf3 11. Rxf3 e5 12. Qh4 Nd7 13. f5 Bf6 14. Bg5 Bxg5
15. Qxg5 h6 16. Qe3 g5 17. b4 Qd6 18. b5 Nf6 19. bxc6 Qxc6 20. a4 Ke7 21. Rff1
Qd7 22. Nb5 a6 23. Qg3 Ng4 24. Qxg4 axb5 25. f6+ Ke8 26. Qxd7+ Kxd7 27. axb5
Ke6 28. Ra6 Rxa6 29. bxa6 Ra8 30. Ra1 Kxf6 31. a7 Ke7 32. Kf2 Kd6 33. Kf3 h5
34. Ke3 Kc6 35. Kd2 Kd6 36. Kc3 Kc6 37. Kb3 Kd6 38. Kc4 Kc6 39. Ra6 Kb7 40. Kb5
Rxa7 41. Rxb6+ Kc7 42. Rc6+ Kd7 43. Rxc5 f6 44. Kc4 Kd6 45. Rd5+ Kc6 46. Rc5+
Kd6 47. Rd5+ Ke6 48. Rb5 Ra2 49. Rb6+ Kf7 50. Rb7+ Kg6 51. Kc3 Ra1 52. g3 Rh1
53. d4 exd4+ 54. Kxd4 Rxh2 55. c4 Rg2 56. Rb3 h4 57. gxh4 gxh4 58. Rc3 Rd2+ 59.
Ke3 Rd8 60. Kf4 Rc8 61. Kg4 Rc5 62. Kxh4 f5 63. Rg3+ Kf6 64. exf5 Rxf5 1/2-1/2

[Event "4NCL/Div2d/WRO2 vs. CELT1"]
[Site "Sunningdale ENG"]
[Date "2010.05.03"]
[Round "11.7"]
[White "Birkin, Mark"]
[Black "French, Angus J"]
[Result "0-1"]
[WhiteElo "1881"]
[BlackElo "2096"]
[PlyCount "106"]
[EventDate "2010.05.03"]
[SourceDate "2009.10.24"]

1. e4 Nf6 2. e5 Nd5 3. d4 d6 4. Nf3 Bg4 5. Bd3 dxe5 6. dxe5 e6 7. O-O Nd7 8.
Re1 Nc5 9. h3 Bxf3 10. Qxf3 Nb4 11. Na3 Ncxd3 12. cxd3 Qd5 13. Qxd5 Nxd5 14.
Nc2 O-O-O 15. Re4 Rd7 16. Bd2 Bc5 17. Rc1 Rhd8 18. Rc4 Be7 19. Ne1 h6 20. Nf3
Kb8 21. d4 Bf8 22. Ba5 b6 23. Bd2 a5 24. a3 Kb7 25. Kf1 Ra8 26. Ra4 Ne7 27. b4
Nc6 28. bxa5 b5 29. a6+ Kb6 30. Rxc6+ Kxc6 31. Ra5 Kb6 32. Ke2 Rxa6 33. Rxa6+
Kxa6 34. Bb4 c5 35. dxc5 Rd5 36. Ne1 Rxe5+ 37. Kf1 Rd5 38. Ke2 Bxc5 39. Nd3
Bxb4 40. axb4 Kb6 41. f4 Rd4 42. Ke3 Rc4 43. g4 f6 44. h4 e5 45. fxe5 fxe5 46.
Nxe5 Rxb4 47. h5 Kc7 48. Kf3 Kd6 49. Nf7+ Ke7 50. Ne5 Ra4 51. Ng6+ Kf6 52. Nh4
Kg5 53. Nf5 Rf4+ 0-1

[Event "4NCL/Div2d/WRO2 vs. CELT1"]
[Site "Sunningdale ENG"]
[Date "2010.05.03"]
[Round "11.8"]
[White "Owens, Megan R"]
[Black "Flint, Martina"]
[Result "1/2-1/2"]
[WhiteElo "1774"]
[BlackElo "1770"]
[PlyCount "82"]
[EventDate "2010.05.03"]
[SourceDate "2009.10.24"]

1. Nf3 f5 2. d4 g6 3. c4 Nf6 4. Nc3 Bg7 5. g3 O-O 6. Bg2 d6 7. O-O c6 8. b4
Nbd7 9. Qb3 Kh8 10. Bb2 e5 11. dxe5 dxe5 12. Rad1 Qe8 13. h3 h6 14. c5 a5 15.
a3 Nh7 16. Rd6 Ng5 17. Nxg5 hxg5 18. e4 f4 19. Nb1 Kh7 20. Nd2 Qf7 21. Qxf7
Rxf7 22. Nf3 Kh6 23. Ra1 Re7 24. gxf4 exf4 25. Bxg7+ Rxg7 26. Nd4 Ne5 27. b5
cxb5 28. Nf5+ Bxf5 29. exf5 Ra6 30. Rad1 Nc4 31. Rd7 Ne5 32. Rxg7 Kxg7 33. Bxb7
Rf6 34. fxg6 Kxg6 35. Rc1 Nc6 36. Rb1 b4 37. axb4 Nxb4 38. Ra1 Nc6 39. Kg2 Kf5
40. Bxc6 Rxc6 41. Rxa5 g4 1/2-1/2

[Event "4NCL/Div2d/BRJ vs. BRI1"]
[Site "Sunningdale ENG"]
[Date "2010.05.03"]
[Round "11.1"]
[White "Girdlestone, Paul C"]
[Black "Rudd, Jack"]
[Result "1-0"]
[WhiteElo "2135"]
[BlackElo "2267"]
[PlyCount "133"]
[EventDate "2010.05.03"]
[SourceDate "2009.10.24"]

1. Nf3 Nc6 2. c4 e5 3. Nc3 f5 4. d3 Nf6 5. g3 Bc5 6. e3 O-O 7. Bg2 d6 8. O-O
Qe8 9. d4 Bb6 10. dxe5 dxe5 11. Nd5 e4 12. Nxf6+ Rxf6 13. Ne1 Be6 14. Qe2 Bf7
15. b3 Bh5 16. Qc2 Bc5 17. a3 a5 18. Bb2 Rh6 19. Qc3 Bf8 20. f3 exf3 21. Bxf3
Qg6 22. Bd5+ Kh8 23. Ng2 Bg4 24. Nf4 Qe8 25. Bg2 Rd8 26. h3 Bh5 27. Nxh5 Qxh5
28. g4 Qh4 29. Rxf5 Rg6 30. Raf1 Bd6 31. c5 Be7 32. e4 Bf6 33. e5 Nd4 34. Qe3
Nxf5 35. Rxf5 Bg5 36. Qf3 h5 37. Rf8+ Rxf8 38. Qxf8+ Kh7 39. Qf2 hxg4 40. Qxh4+
Bxh4 41. Be4 gxh3+ 42. Kh2 Be7 43. Kxh3 Kh6 44. c6 b6 45. Bxg6 Kxg6 46. Kg4 Kf7
47. Kh5 g5 48. a4 Ke6 49. Kg4 Bd8 50. Bc3 Be7 51. Bb2 Kd5 52. Kf5 Kxc6 53. e6
Kd5 54. Bf6 Bd6 55. Bxg5 c5 56. Bd8 c4 57. bxc4+ Kxc4 58. Bxb6 Kb4 59. Bc7 Be7
60. Kg6 Kxa4 61. Kf7 Bh4 62. Be5 Kb3 63. Bf6 Bxf6 64. Kxf6 a4 65. e7 a3 66.
e8=Q a2 67. Qe5 1-0

[Event "4NCL/Div2d/BRJ vs. BRI1"]
[Site "Sunningdale ENG"]
[Date "2010.05.03"]
[Round "11.2"]
[White "Buckley, David E"]
[Black "Padilla Cabero, Pablo"]
[Result "1/2-1/2"]
[WhiteElo "2274"]
[BlackElo "2142"]
[PlyCount "50"]
[EventDate "2010.05.03"]
[SourceDate "2009.10.24"]

1. d4 e5 2. dxe5 Nc6 3. Nf3 Nge7 4. Bd2 Ng6 5. Bc3 Bb4 6. Qd2 Qe7 7. Bxb4 Qxb4
8. Nc3 Qxb2 9. Rb1 Qa3 10. Nb5 Qxa2 11. Rd1 Kd8 12. Qg5+ Nce7 13. e3 Qa5+ 14.
Rd2 h6 15. Qg4 d5 16. Qd4 Be6 17. Be2 Nc6 18. Qb2 Ke7 19. O-O Ngxe5 20. Nxe5
Qxd2 21. Nxc6+ bxc6 22. Nd4 Kd6 23. Qa3+ c5 24. Qa6+ Ke7 25. Qa3 Kd6 1/2-1/2

[Event "4NCL/Div2d/BRJ vs. BRI1"]
[Site "Sunningdale ENG"]
[Date "2010.05.03"]
[Round "11.4"]
[White "Franklin, Michael"]
[Black "Headlong, Timothy"]
[Result "1/2-1/2"]
[WhiteElo "2190"]
[BlackElo "2188"]
[PlyCount "23"]
[EventDate "2010.05.03"]
[SourceDate "2009.10.24"]

1. d4 d5 2. Nf3 e6 3. e3 Nf6 4. Bd3 b6 5. c3 Bb7 6. Nbd2 Nbd7 7. O-O c5 8. Qe2
Be7 9. Ne5 O-O 10. f4 Ne4 11. Qf3 f5 12. Bb5 1/2-1/2

[Event "4NCL/Div2d/BRJ vs. BRI1"]
[Site "Sunningdale ENG"]
[Date "2010.05.03"]
[Round "11.7"]
[White "Hackett, Dave G"]
[Black "Bromilow, Edward T"]
[Result "1-0"]
[WhiteElo "2140"]
[BlackElo "1922"]
[PlyCount "67"]
[EventDate "2010.05.03"]
[SourceDate "2009.10.24"]

1. e4 c6 2. d4 d5 3. exd5 cxd5 4. c4 Nf6 5. Nc3 e6 6. Nf3 Bb4 7. Bd3 O-O 8. O-O
Bxc3 9. bxc3 dxc4 10. Bxc4 Qc7 11. Qd3 b6 12. Re1 Nbd7 13. Ba3 Re8 14. Ne5 Bb7
15. Bb3 Rad8 16. Qh3 Be4 17. Ba4 Bf5 18. g4 Nxg4 19. Nxg4 Bxg4 20. Qxg4 Qxc3
21. Bd6 Nf6 22. Qf4 Nd7 23. Rac1 Qa5 24. Bc6 Qxa2 25. Bc7 e5 26. dxe5 Nc5 27.
Bxe8 Rxe8 28. Qc4 Qd2 29. Re3 Re6 30. Bd6 h5 31. Qc2 Qb4 32. Bxc5 bxc5 33. Rd1
Re8 34. Qe2 1-0

[Event "4NCL/Div2d/BRJ vs. BRI1"]
[Site "Sunningdale ENG"]
[Date "2010.05.03"]
[Round "11.8"]
[White "Oliver, Martin"]
[Black "Rabbitt, Michael"]
[Result "1-0"]
[WhiteElo "1810"]
[BlackElo "2074"]
[PlyCount "77"]
[EventDate "2010.05.03"]
[SourceDate "2009.10.24"]

1. d4 Nf6 2. c4 e6 3. Nf3 c5 4. d5 b5 5. b3 exd5 6. cxd5 Bb7 7. e4 Nxe4 8. Bxb5
Qa5+ 9. Nbd2 Nxd2 10. Nxd2 Qxb5 11. Nc4 d6 12. Qe2+ Kd8 13. Qf3 Qd7 14. O-O Ba6
15. Re1 Bxc4 16. bxc4 Be7 17. Bb2 f6 18. Re2 Kc8 19. Rae1 Bd8 20. Qg3 a5 21.
Re6 Ra6 22. Bc1 Rf8 23. Bf4 Kc7 24. Be3 Re8 25. Bxc5 Rxe6 26. dxe6 Qe7 27. Rd1
Qxe6 28. Bxd6+ Kc8 29. Bxb8 Rb6 30. Ba7 Rb7 31. Be3 Bc7 32. Qh4 g5 33. Qxh7 Rb2
34. Qh8+ Kb7 35. Qh7 Kc8 36. Qd3 Rxa2 37. Qb3 Qg4 38. Rb1 Re2 39. Qb7+ 1-0

[Event "4NCL/Div2d/WES1 vs. GUI3"]
[Site "Sunningdale ENG"]
[Date "2010.05.03"]
[Round "11.1"]
[White "Jenks, Bruce"]
[Black "Lalic, Peter D"]
[Result "1/2-1/2"]
[WhiteElo "2127"]
[BlackElo "1946"]
[PlyCount "90"]
[EventDate "2010.05.03"]
[SourceDate "2009.10.24"]

1. c4 c6 2. Nf3 d5 3. g3 Nf6 4. Bg2 Bf5 5. Qb3 Qb6 6. Nc3 e6 7. d3 Nbd7 8. Be3
Qxb3 9. axb3 a6 10. Nh4 Bg6 11. O-O Be7 12. Bg5 Bh5 13. Bf3 h6 14. Bxf6 Nxf6
15. Bxh5 Nxh5 16. Nf3 Nf6 17. d4 O-O 18. c5 Nd7 19. b4 Rfe8 20. e3 Bf6 21. Nd2
e5 22. Nb3 Rab8 23. Rfd1 exd4 24. exd4 Nf8 25. Kf1 Ne6 26. Rd3 Re7 27. Nd1 g6
28. Ne3 Rbe8 29. Re1 Ng5 30. Nc2 Ne6 31. Rde3 Kf8 32. Ke2 Bg5 33. f4 Bf6 34.
Kd3 h5 35. Nd2 Bg7 36. Nf3 Bf6 37. h4 Bg7 38. Ng5 Nxg5 39. hxg5 Rxe3+ 40. Rxe3
Rd8 41. Rf3 f5 42. Re3 Re8 43. Rxe8+ Kxe8 44. Ne1 Kf7 45. Kc3 Bf8 1/2-1/2

[Event "4NCL/Div2d/WES1 vs. GUI3"]
[Site "Sunningdale ENG"]
[Date "2010.05.03"]
[Round "11.2"]
[White "Deswarte, Ian"]
[Black "Yeo, Michael J"]
[Result "0-1"]
[WhiteElo "1900"]
[BlackElo "2152"]
[PlyCount "84"]
[EventDate "2010.05.03"]
[SourceDate "2009.10.24"]

1. e4 Nc6 2. Nf3 e5 3. Bb5 a6 4. Ba4 Nf6 5. Qe2 Be7 6. O-O b5 7. Bb3 O-O 8. c3
d5 9. d3 d4 10. Rd1 h6 11. Nbd2 Re8 12. Nf1 Bf8 13. Ng3 Na5 14. Bc2 c5 15. Bd2
Nc6 16. h3 Be6 17. Nh2 Ne7 18. Nh5 Ng6 19. Nxf6+ Qxf6 20. Ng4 Qh4 21. Qf3 Bd6
22. Bb3 c4 23. dxc4 bxc4 24. Ba4 Rec8 25. b3 Bc5 26. bxc4 h5 27. Nh2 dxc3 28.
Bxc3 Qxf2+ 29. Qxf2 Bxf2+ 30. Kxf2 Rxc4 31. Bb3 Rxc3 32. Bxe6 Rc2+ 33. Kg3 h4+
34. Kf3 fxe6 35. Rg1 Rf8+ 36. Ke3 Nf4 37. Ng4 Nxg2+ 38. Kd3 Rfc8 39. Nxe5 Nf4+
40. Ke3 Nxh3 41. Rg6 R8c3+ 42. Kd4 Nf4 0-1

[Event "4NCL/Div2d/WES1 vs. GUI3"]
[Site "Sunningdale ENG"]
[Date "2010.05.03"]
[Round "11.3"]
[White "Simons, Martin J"]
[Black "Domingos, Franciscos"]
[Result "0-1"]
[WhiteElo "2200"]
[BlackElo "1962"]
[PlyCount "82"]
[EventDate "2010.05.03"]
[SourceDate "2009.10.24"]

1. e4 e6 2. d3 d5 3. Nd2 c5 4. Ngf3 Nc6 5. g3 Nf6 6. Bg2 Be7 7. O-O b6 8. Re1
Bb7 9. a3 Qc7 10. c3 d4 11. cxd4 cxd4 12. b4 e5 13. b5 Nd8 14. Nc4 Nd7 15. Bh3
f6 16. Nh4 Nc5 17. Qc2 Bc8 18. Bg2 Be6 19. f4 Nxd3 20. Qxd3 Qxc4 21. Bf1 Qxd3
22. Bxd3 Nb7 23. fxe5 fxe5 24. Nf3 Bf6 25. Nd2 Nc5 26. Bc4 Bxc4 27. Nxc4 O-O
28. a4 Rac8 29. Nd2 Bg5 30. Nf1 Bxc1 31. Rexc1 Nb3 32. Rxc8 Rxc8 33. Ra2 Rc1
34. Kf2 Nc5 35. Nd2 d3 36. Ra3 Rd1 37. Nf3 Nxe4+ 38. Ke3 d2 39. Ke2 Rh1 40. Rd3
d1=Q+ 41. Rxd1 Nc3+ 0-1